Promotion of sustainable commercial aquaculture in sub - Saharan Africa

Đã lưu trong:
書目詳細資料
主要作者: Nathanael Hishamunda
格式: 圖書
語言:Undetermined
出版: Rome, Italy FAO 2002
主題:
標簽: 添加標簽
沒有標簽, 成為第一個標記此記錄!
Thư viện lưu trữ: Trung tâm Học liệu Trường Đại học Cần Thơ
LEADER 00576nam a2200181Ia 4500
001 CTU_54038
008 210402s9999 xx 000 0 und d
082 |a 338.3727 
082 |b P965//Vol.2 
100 |a Nathanael Hishamunda 
245 0 |a Promotion of sustainable commercial aquaculture in sub - Saharan Africa 
245 0 |c Nathanael Hishamunda, Peter Maining 
260 |a Rome, Italy 
260 |b FAO 
260 |c 2002 
650 |a fisheries,fishery management,fishery policy 
650 |x economic aspects 
980 |a Trung tâm Học liệu Trường Đại học Cần Thơ